000 00949njm a22002417a 4500
005 20100901115333.0
006 a|||||r|||||00| 0
007 sd ammalaaahaa
008 100901t xxu||||| |||| 00| 0 eng d
028 _aGE 23058
_bColumbia
035 _aGR-381
040 _aSED
_cSED
100 _aTembe, Sushila
_917891
245 _aAb na jagvo pyare :
_b(bharave ) /
_cby SushilaTembe
_h[Sound recording]
246 _aअब न जागवो प्यारे सुशीला टेम्बे
260 _aDUM DUM, India
_bColumbia
300 _a1 Sound disc [Gramophone Recording] :
_banalog, 33 1/3 rpm
_c9.5 in. (MP)
_fGramophone Record
500 _aBrief record
505 _aSide-2 तरंगा -(भिहंग ) (taranga-(bhihang ) (SushilaTembe)
650 _aClassical music
_xExcerpts
_zIndia
_917892
942 _2ddc
_cGR
999 _c43523
_d43523